00410nam a2200157Ia 4500003000900000008004100009020001800050040001600068080001200084100001800096245004400114250001700158260003800175300001000213650002900223IN-BaIIA211028s9999 xx 000 0 eng d a81-7866-111-X cIIA Library a65bASW aAswathappa, K 0aOrganisational behaviourcK. Aswathappa a5th rev. ed. aMumbaibHimalaya Publishingc2004 a591p. aOrganisational behaviour